MDQL
is popping MORE tags! Check the
thread
!
Quizzes
Events
Quiz Creation
Community
Videos
Private Events
Remove Ads
Sign In
Join for FREE
Feedback
Dark Mode
Quiz Categories
Sports
Geography
Music
Movies
Television
Just For Fun
Miscellaneous
History
Literature
Language
Science
Gaming
Entertainment
Religion
Holiday
For Kids
Quiz Lab
Recent
Popular Today
Quiz Kudos Today
Editor Picks
Curator Picks
Quizzes by...
Day
Popularity
Type
Ratings
Length
Year
Community
Subscriptions
Recent Discussions
Orange Saloon
Badges
Playlists
Quests
Create
Leaderboards
Showdown
Live 5
Trivia Bingo
Activity
Puzzle Library
Sporcle Events
Private Events
Virtual Trivia
Globe League
Become a Host
Pub Owners
SporcleCon
Opinionation
Our Games
Videos
Blog
Mobile Apps
Partnerships
Remove Ads and Go Orange
Feedback
Sports
Athletes
MLB
NBA
NHL
NFL
Soccer
Sports Teams
WWE
NCAA
Football
Premier League
Basketball
Baseball
Hockey
Golf
Tennis
Cricket
Rugby
Auto Racing
Olympics
World Cup
Sports
Athletes
MLB
NBA
NHL
NFL
Soccer
Sports Teams
WWE
NCAA
Football
Premier League
Basketball
Baseball
Hockey
Golf
Tennis
Cricket
Rugby
Auto Racing
Olympics
World Cup
Random Quiz
Search Sporcle
×
Quiz Lab
Quiz Lab
Sports
State
Type in answers that appear in a list
Type in answers that appear in a list
Classic
Best Score? Go Orange.
Louisiana Class 5A Football State Champs (1991-2021) Stats
Can you name the Louisiana Class 5A State Champs?
By
ehsnewell89
8m
31 Questions
107 Plays
107 Plays
107 Plays
Comments
Comments
Give Quiz Kudos
Give Quiz Kudos
-
- Ratings
hide this ad
More Info
Replay
Link that replays current quiz
Next Quiz
Link to next quiz in quiz playlist
You Got
0%
They Got
Avg Score
73%
Avg Friend Score
Upgrade to see
Score Distribution
Jump to the score distribution portion of the page
Score
0/31
Timer
08:00
0
Plays Today
Year
School
% Correct
1993
West Monroe
95.3%
1996
West Monroe
95.3%
1997
West Monroe
95.3%
1998
West Monroe
95.3%
2000
West Monroe
95.3%
2005
West Monroe
95.3%
2009
West Monroe
95.3%
2011
West Monroe
95.3%
2020
Acadiana
95%
2019
Acadiana
92.3%
2021
Zachary
91.7%
2014
Acadiana
90%
1999
Evangel Christian
88.8%
2001
Evangel Christian
88.8%
2002
Evangel Christian
88.8%
2004
Evangel Christian
88.8%
Year
School
% Correct
2012
Archbishop Rummel
87.9%
1995
Neville
86.9%
2013
Acadiana
86.3%
1992
Carencro
86%
2006
Acadiana
86%
2007
Destrehan
86%
2008
Destrehan
86%
2010
Acadiana
86%
1994
Hahnville
81.3%
2003
Hahnville
81.3%
2018
Zachary
72.2%
2015
Zachary
70.2%
2017
Zachary
68.8%
2016
Landry-Walker
52.8%
1991
Thibodaux
44.9%
Quiz Playlist
Details
Report
Send in Message
Add To Playlist
More Info:
beginning in 2013.
Classic:
Type in answers that appear in a list
Quiz Source
Last Updated: May 5, 2022
Quiz Scoreboard
CHALLENGE
Sign Up to Join the Scoreboard
Show All
Scores
Hide
Comments
May contain spoilers
Recently Published
Holiday 10x10 Sorting Gallery
by lukepisani3
Holiday
15m
Two Season TV Shows II
by 123Four
Television
10m
Image Sorting: Flags VI
by Barbecue
Geography
2m
More to Explore
Quiz From the Vault
Featured Blog Post
14 Easter Pick-up Lines to Find Eggs With
hide this ad
You Might Also Like...
Tags
State Quiz
champ
class
Louisiana
Runner-up
school
Today's Top Quizzes in Sports
Browse Sports
hide this ad
Today's Top Quizzes in State
Browse State
Top Contributed Quizzes in Sports
1
Les meilleurs buteurs des matchs entre le PSG et l’OM
2
Les entraîneurs de l'OM et du PSG au 21e siècle
3
2022 World Cup Stars
4
Les joueurs passés par le PSG et l'OM
5
Players with Multiple 50 Home Run Seasons
6
FIFA Club World Cup Champions
7
Criteria MLB: Left Handed Sluggers
8
Les joueurs passés par le LOSC et le RC Lens
9
Top 10 NHL Goal Scorers of All Time
10
NBA Logic Puzzle 2.0
Explore More
Trending Topics
Anime
Disney
NBA
Marvel
Crossword
Kpop
Harry Potter
NFL
Country
Song
Puzzle
The Office
Soccer
Pokémon
WWE
hide this ad
More By:
ehsnewell89
Quiz
Plays
Rating
Category
Featured
Created
College World Series 1983-2023
3,063
4.82
Sports
Jun 23, 2016
2018 College Baseball Regionals
1,702
5.00
Sports
Jun 10, 2018
2020 NFL Draft
1,593
3.33
Sports
Apr 26, 2020
2021 Summer Olympic Nations
1,079
4.75
Sports
Jul 23, 2021
CFB National Champs (1869-2023)
1,035
4.33
Sports
Jan 15, 2017
Go to Creator's Profile
Score Distribution
Quiz Creator Spotlight
ehsnewell89
Follow
Send a Message
Quizzes Created
-
Created Quiz Play Count
-
More By This Creator
Popular Quizzes Today
1
Find the US States - No Outlines Minefield
2
Colored Red Africa Blitz
3
Find the 'City' Movie
4
The Countries of the World
5
5x2 Blitz: Bands
6
Find the Countries of Europe - No Outlines Minefield
7
Find the US States
8
US States
More Sports Quizzes
NFL Playoffs since 2000
Quiz Lab
Trending Quizzes
Colored Red Europe Blitz I
Colored Red Europe Blitz II
Colored Red Africa Blitz II
Even More Two Season TV Shows
Colored Red Africa Blitz III
Recently Updated
Odd Team Out - Big 4 Players
pecheneg
Quick Pick: 20 Twenties
pecheneg
March Madness Men's Triple Doubles
pecheneg
How Do You Spell That?
pecheneg
Godzilla Movies
pecheneg
Grab Bag: 4-10 Letters
pecheneg
2024 March Madness Bracket
pecheneg
Famous TV Couples
Peacemaker
Champions League XIs: Real Madrid
pecheneg
Largest US Cities 1790-2010
pecheneg
Trending Topics
Marvel
NBA
Harry Potter
Disney
Crossword
Anime
Kpop
Pokémon
NFL
Song
Country
Soccer
The Office
WWE
Puzzle
Your Account Isn't Verified!
In order to create a playlist on Sporcle, you need to verify the email address you used during registration. Go to your
Sporcle Settings
to finish the process.
Report this User
Report this user for behavior that violates our
Community Guidelines
.
Details:
Send Report
Go to the Sporcle.com Mobile Site →
Comments